[Event "68th HUN-ch Men 2018"]
[Site "Budapest"]
[Date "2018.12.06"]
[Round "2.3"]
[White "Aczel, Gergely"]
[Black "Almasi, Zoltan"]
[Result "1-0"]
[WhiteElo "2549"]
[BlackElo "2689"]
[Annotator "TA"]
[PlyCount "69"]
[EventDate "2018.??.??"]
[EventCountry "HUN"]
[SourceTitle "playchess.com"]
[Source "ChessBase"]
[SourceQuality "1"]

{[%evp 16,69,48,40,100,93,128,125,172,172,171,168,177,163,162,157,158,145,166,156,220,221,261,128,263,256,252,276,281,251,279,235,337,352,337,340,452,413,423,404,391,400,472,259,245,264,249,263,266,258,260,251,554,549,1510,1395]} 1. d4 Nf6 2. c4 e6 3. Nc3 Bb4 4. e3 c5 5. Nge2 b6 6. a3 Ba5 7. Rb1 Qe7 8. Bd2 Bxc3 {E42: Nimzo-Indian: Rubinstein: 4...c5 5 Ne2} (8... O-O 9. Ng3 cxd4 10. exd4 Bxc3 11. Bxc3 Nc6 12. Be2 {½-½ (12) Peralta,F (2587)-Ortiz Suarez,I (2564) Badalona 2016}) 9. Bxc3 {LiveBook: 3 Games} Ne4 (9... O-O $14) 10. dxc5 $1 $16 Nxc3 {White is better.} 11. Nxc3 bxc5 $146 {[#]} ({Predecessor:} 11... Qxc5 12. Be2 Ba6 13. Bf3 Nc6 14. Ne4 Qe5 15. Qa4 f5 16. Nc3 {½-½ (53) Salo,H (2227)-Ristoja,J (2292) Finland 2007}) 12. Nb5 $1 {[%cal Rb5c7] And now Nc7+ would win.} O-O 13. Nc7 Bb7 14. Nxa8 Bxa8 15. Qc2 f5 16. Qd2 Qh4 17. b4 cxb4 (17... f4 $16 18. b5 (18. bxc5 fxe3 19. Qxe3 Bc6 $16) 18... d5) 18. axb4 $18 (18. Rxb4 $6 Na6 $16) 18... f4 19. Rb3 (19. exf4 $18 {is more deadly. Qe3 is the strong threat.} Rxf4 20. Rd1) 19... Nc6 {[#]} (19... fxe3 $16 {might work better.} 20. Rxe3 (20. Qxe3 Nc6 $14) 20... Nc6) 20. exf4 $1 ({Weaker is} 20. Qxd7 Qf6 $14) 20... Rxf4 21. g3 Re4+ 22. Re3 Rxe3+ 23. fxe3 (23. Qxe3 Qe7 $16) 23... Qe4 (23... Qd8 $142) 24. Bg2 (24. Qxd7 Qxe3+ 25. Be2 Qc3+ 26. Kf2 Qf6+ 27. Bf3 Qb2+ 28. Kg1 Qc1+ 29. Kg2 Qc2+ 30. Kf1 (30. Kh3 Qf5+ {[%mdl 64] Double Attack} 31. Kg2 Qc2+ 32. Kf1 Qb1+ 33. Qd1 Qxd1+ 34. Bxd1 Nxb4 $18) 30... Qb1+ 31. Qd1 Qxd1+ 32. Bxd1 Nxb4 $18) 24... Qxc4 25. Kf2 (25. Qxd7 Qc1+ 26. Qd1 Qxe3+ 27. Kf1 Qc3 $16) 25... d5 26. Rc1 Qb5 27. Bh3 Kf7 28. Kg1 Ke7 29. Rf1 (29. Qb2 $142 d4 30. Bg2) 29... Qxb4 30. Qf2 {Strongly threatening Qf8+.} Kd7 31. Qf7+ Qe7 32. Bxe6+ Kd6 33. Bxd5 {Hoping for Qg8.} Qxe3+ $2 (33... Qxf7 34. Bxf7 Ne5) 34. Kh1 Qd3 35. Bg2 {Accuracy: White = 72%, Black = 36%.} 1-0

[Event "68th HUN-ch Men 2018"]
[Site "Budapest"]
[Date "2018.12.06"]
[Round "2.4"]
[White "Almasi, Zoltan"]
[Black "Aczel, Gergely"]
[Result "0-1"]
[WhiteElo "2689"]
[BlackElo "2549"]
[Annotator "TA"]
[PlyCount "92"]
[EventDate "2018.??.??"]
[EventCountry "HUN"]
[SourceTitle "playchess.com"]
[Source "ChessBase"]
[SourceQuality "1"]

{[%evp 21,92,23,20,-2,15,6,18,5,46,19,17,14,0,-11,-20,-29,31,31,40,25,53,61,45,35,54,42,139,34,41,0,106,0,54,-136,-64,-63,-18,-537,-522,-527,-85,-54,-74,-64,77,31,21,0,38,0,0,0,0,-287,-130,-377,-346,-524,-500,-1257,-1247,-1240,-1235,-12850,-6602,-29985,-29986,-29979,-2311,-2234,-2142,-5005,-2076]} 1. e4 c5 2. Nf3 d6 3. d4 cxd4 4. Nxd4 Nf6 5. Nc3 a6 6. Bg5 Nbd7 7. Qe2 {B94: Sicilian Najdorf: 6 Bg5 Nbd7} h6 8. Bh4 g6 9. O-O-O (9. f4 Qc7 10. O-O-O Bg7 11. g4 e5 12. fxe5 Nxe5 13. h3 Be6 14. Qf2 Nfd7 {½-½ (26) Carlsen,M (2842)-Svidler,P (2753) Biel 2018}) 9... e5 10. Nb3 Be7 11. f3 b5 {LiveBook: 16 Games} 12. Qd2 Qc7 13. a3 Bb7 14. Kb1 Rc8 15. Bd3 $146 ({Predecessor:} 15. Bxb5 axb5 16. Nxb5 {0-1 (43) Alonso Moyano,J (2420)-Ortiz Suarez,I (2612) Barbera del Valles 2013}) 15... Kf8 16. Rhf1 Kg7 17. Bf2 Nc5 18. Be3 Rcd8 (18... Nxd3 $11 19. cxd3 d5) 19. Qf2 $14 Rc8 20. h4 Na4 21. Nxa4 bxa4 22. Bb6 Qb8 $1 23. Na5 d5 (23... Ba8 $14) 24. Ba7 ({White should try} 24. f4 $1 $16 {[%cal Rf4e5]} Ng4 25. Qg1) 24... Qc7 25. Bb6 ({Better is} 25. f4 $14 Ng4 26. Qb6) 25... Qb8 $1 $16 26. g4 (26. f4 $1 $16 {[%cal Rf4e5]} Ng4 27. Qg1) 26... d4 (26... Ba8 $11) 27. f4 $2 (27. g5 $14 {keeps the upper hand.} hxg5 28. hxg5) 27... Nxg4 ({Black should play} 27... Nxe4 $17 28. Qe2 Bd5 29. Bxe4 Bxe4 30. Qxe4 Qxb6 31. fxe5 Qxa5) 28. Qg1 Ba8 (28... Bxe4 $5 29. Bxe4 Qxb6 30. Qxg4 Bxa3 $17) 29. Nc4 $2 {[%mdl 8192] [#]} (29. fxe5 $11 Qxb6 30. Qxg4) 29... Rxc4 $1 $19 {[%mdl 576] Decoy} 30. Bxc4 {And now fxe5 would win.} Ne3 $2 (30... Qxb6 $19 {is more deadly.} 31. fxe5 Nxe5) 31. fxe5 $17 Nxc4 32. Bxd4 Nxa3+ ({Don't go for} 32... Bxh4 $2 33. e6+ Kg8 34. exf7+ Kh7 35. Bxh8 $18) (32... Bxe4 $15 {stays ahead.} 33. e6+ f6) 33. Kc1 (33. Ka2 $5 {[%cal Rf1f7]} Rf8 34. bxa3 $14) 33... Rf8 $1 {White must now prevent ...Nxc2!} ({Avoid the trap} 33... Bxh4 $2 34. e6+ Kg8 35. exf7+ Kh7 36. Bxh8 $18) 34. e6+ f6 35. Bc3 {[%mdl 1024] White has compensation.} Bc6 {aiming for ...Nb5.} 36. h5 g5 {Threatens to win with ...Nb5.} 37. Qg4 $2 {[%mdl 8192]} (37. e5 $1 $11 {and White is okay.} f5 38. Rd6) 37... Nb5 (37... Nc4 $1 $19 {has better winning chances. ...a3 is the strong threat.} 38. Qf5 Qe8) 38. Qf5 $2 {[#]} (38. Rd7 $17 {is the only way for White.} Bxd7 39. exd7) 38... Qe8 $1 $19 39. Ba5 (39. Bd4 {keeps fighting.}) 39... a3 {[%cal Ba4a3,Ba3a2][%mdl 32]} 40. e5 (40. bxa3 $142 Bxa3+ 41. Kb1) 40... a2 41. Kd2 Qxh5 42. c4 Nd4 43. Qd3 Qh2+ {[%mdl 64] Double Attack} 44. Kc3 fxe5 (44... Ne2+ $142 45. Kc2 Ba4+ 46. b3 Nd4+ {[%mdl 64] Double Attack, Discovered Attack (Double check)} 47. Kc3 Rb8 48. Bb6 Rxb6 {[%mdl 64] Double Attack} 49. exf6+ Bxf6 50. Rxf6 {[#]} a1=Q+ $1 {[%mdl 512]} 51. Rxa1 Rxb3+ 52. Kxd4 Qd6+ 53. Ke4 Qxd3+ 54. Ke5 Qe3+ 55. Kd6 Qd4+ {[%mdl 64] Double Attack} 56. Kc7 Qb6+ 57. Kc8 Qb8#) 45. Rxf8 Bxf8 46. Rf1 Bf3 {Accuracy: White = 21%, Black = 35%.} 0-1

[Event "68th HUN-ch Men 2018"]
[Site "Budapest"]
[Date "2018.12.06"]
[Round "2.4"]
[White "Gonda, Laszlo"]
[Black "Banusz, Tamas"]
[Result "0-1"]
[WhiteElo "2522"]
[BlackElo "2612"]
[Annotator "TA"]
[PlyCount "104"]
[EventDate "2018.??.??"]
[EventCountry "HUN"]
[SourceTitle "playchess.com"]
[Source "ChessBase"]
[SourceQuality "1"]

{[%evp 19,104,33,34,31,40,12,35,32,19,22,34,19,35,-4,-8,-18,0,-13,0,12,60,72,65,87,68,83,76,87,102,97,91,0,0,0,0,0,350,349,332,341,383,374,383,363,370,323,608,160,122,0,0,0,0,0,0,0,0,0,0,0,0,0,0,0,0,0,0,0,0,0,0,0,0,-188,0,0,0,0,0,-328,-69,-295,-244,-6187,-6254,-5285,-1656]} 1. c4 c6 2. Nf3 d5 3. g3 Nf6 4. Bg2 g6 5. b3 Bg7 6. Bb2 O-O 7. O-O Bg4 8. d4 Bxf3 {D78: Fianchetto Grünfeld: 6 0-0 c6} (8... Nbd7 9. Nc3 Qa5 10. Rc1 Bxf3 11. Bxf3 e6 12. e3 Rfc8 13. Qe2 a6 14. Rfd1 b5 15. e4 bxc4 16. bxc4 {1-0 (54) Le,Q (2715)-Melkumyan,H (2660) chess.com INT 2018}) 9. Bxf3 Ne4 10. Nd2 {[%cal Bb1d2,Bd2f3,Bf3e1,Be1d3,Bd3f4][%mdl 32]} f5 {LiveBook: 3 Games. White is slightly better.} 11. Bg2 e6 12. Nf3 $146 ({Predecessor:} 12. e3 Nd7 13. f4 c5 14. Nxe4 dxe4 15. Rf2 cxd4 16. exd4 {0-1 (40) Carbone,S (1985)-Damia,A (2303) Palmi 2012}) 12... Nd7 13. Qc2 a5 14. a4 Rc8 15. Rad1 Qb6 16. Ne1 Rfd8 17. c5 Qc7 18. Nd3 Re8 19. e3 e5 20. f3 exd4 21. fxe4 fxe4 22. Nf4 $1 ({Much worse is} 22. exd4 exd3 23. Rxd3 Nf6 $11) 22... d3 23. Qc1 Bxb2 24. Qxb2 Qe5 25. Qc1 (25. Qf2 $16) 25... Rcd8 $11 26. Bh3 Nf6 27. Rf2 g5 $2 {[%mdl 8192] [#]} (27... d4 $1 $11) 28. Ne6 $1 $18 {[%cal Re6d8][%mdl 512]} Rxe6 29. Rf5 Qc7 30. Rxg5+ Kf7 31. Bxe6+ Kxe6 32. Rf1 Rf8 $2 (32... Qe7 33. Qc3 d4 34. exd4 Rd5) 33. Qc3 $2 (33. Rgf5 $18 {is the precise move to win.} Qe7 34. Qb2) 33... Nd7 $16 {[#] Strongly threatening ...Rxf1+.} 34. Qg7 (34. Rf4 $1 $16 Rxf4 35. gxf4) 34... Rxf1+ $11 35. Kxf1 {[%mdl 4096] Endgame White wants to mate with Qg8+. KQR-KQN} Qd8 36. Ke1 Qf6 37. Qg8+ Qf7 38. Qh8 d2+ {[%mdl 64] Decoy} ({Avoid the trap} 38... Nxc5 $2 39. Qe5+ Kd7 40. Rg7 $18) 39. Kxd2 {Threatens to win with Qg8.} Qf2+ {[%mdl 64] Double Attack} 40. Kd1 Qf1+ 41. Kc2 $1 Qd3+ 42. Kb2 {Qg8+ is the strong threat.} Qd2+ {[%mdl 64] Double Attack} 43. Ka1 {And now Qg8+ would win.} Qc1+ 44. Ka2 {Black must now prevent Qg8+.} Qd2+ {[%mdl 64] Double Attack} 45. Qb2 Qxe3 {[%mdl 64] Double Attack} 46. Rh5 $2 (46. h4 $11) 46... Nf6 $2 (46... h6 $19 47. g4 Nxc5) 47. Qe5+ Kf7 48. Rf5 Qd2+ {[%mdl 64] Double Attack} 49. Qb2 $4 {[%mdl 8192]} (49. Kb1 $11 Qd1+ 50. Kb2 Qd2+ {[%mdl 64] Double Attack} 51. Kb1 Qe1+ 52. Ka2 Qd2+ {[%mdl 64] Double Attack} 53. Kb1) 49... Qxb2+ $19 50. Kxb2 Ke6 51. Rg5 $2 (51. Rf1 d4 52. Kc2) 51... e3 {( -> ...e2)} 52. Kc2 e2 {Accuracy: White = 51%, Black = 66%.} (52... Ne4 $142 53. Kd3 Nxg5 54. Kxe3 Ke5) 0-1

[Event "68th HUN-ch Men 2018"]
[Site "Budapest"]
[Date "2018.12.06"]
[Round "2.4"]
[White "Galyas, Miklos"]
[Black "Gledura, Benjamin"]
[Result "0-1"]
[WhiteElo "2497"]
[BlackElo "2621"]
[Annotator "TA"]
[PlyCount "88"]
[EventDate "2018.??.??"]
[EventCountry "HUN"]
[SourceTitle "playchess.com"]
[Source "ChessBase"]
[SourceQuality "1"]

{[%evp 16,88,28,15,15,16,16,16,16,19,18,24,16,18,19,7,6,0,-3,-5,-11,-10,0,-14,18,14,25,9,19,27,19,11,10,0,0,0,0,-29,-33,-31,-50,-37,-17,-40,-1,-22,-22,-22,-22,-22,-13,-35,-37,-85,-18,-47,-22,-133,-8,-269,-204,-533,-523,-887,-752,-752,-604,-643,-643,-5410,-4908,-5804,-4927,-1749,-1623]} 1. Nf3 d5 2. e3 Nf6 3. c4 c6 4. Nc3 g6 5. d4 Bg7 6. Be2 O-O 7. O-O Nbd7 8. b3 Ne4 9. Bb2 {LiveBook: 6 Games} e5 {D94: Grünfeld: 4 Nf3 Bg7 5 e3} 10. Nxe4 dxe4 11. Nxe5 Nxe5 {The position is equal.} 12. dxe5 Qa5 $146 ({Predecessor:} 12... Qg5 13. Qc2 Bxe5 14. Bxe5 Qxe5 15. Rad1 h5 16. Rd4 Re8 17. Rfd1 {½-½ (59) Shulman,Y (2600)-Khachiyan,M (2475) Stillwater 2007}) 13. Qc2 Bxe5 14. Rfd1 Bf5 15. Bd4 Rad8 16. g4 {[#] Threatens to win with b4.} Bxd4 17. Rxd4 Rxd4 18. exd4 Bd7 19. Qxe4 Qc3 20. Rd1 Re8 21. Qf3 Qc2 22. Bf1 Qxa2 23. h3 Qb2 24. d5 cxd5 25. cxd5 Qe5 26. Rd2 Qd6 27. Qg3 Qxg3+ 28. fxg3 $15 {[%mdl 4096] Endgame KRB-KRB} Kf8 29. Kf2 Rc8 30. Bc4 b5 31. Be2 a5 32. Ke3 Ke7 33. Kd4 Kd6 34. Bf3 b4 ({Better is} 34... a4 $17 35. bxa4 Rc4+ 36. Kd3 Rxa4) 35. Ra2 Rc5 (35... Rc3 $5 {[%cal Rc3f3]} 36. Be2 Rxb3 37. Rxa5 Rxg3 38. Ra6+ Ke7 $15) 36. g5 (36. Be4 $11) 36... Bf5 ({Don't take} 36... Bxh3 37. g4 $15) (36... Rc3 $17 37. Be4 Rxb3 38. Rxa5 Ra3 39. Rxa3 bxa3) 37. Re2 $2 {[%mdl 8192] [#]} (37. Rf2 $1 $11 {and White has nothing to worry.}) 37... Rc3 $19 ({Weaker is} 37... Bxh3 38. Rf2 $17) 38. Bh1 $2 (38. Be4) 38... Rxb3 {Black is clearly winning.} 39. Re8 Rd3+ 40. Kc4 Rc3+ 41. Kd4 Rc8 42. Re1 b3 43. g4 Bc2 44. Rf1 f5 {Accuracy: White = 26%, Black = 58%.} 0-1